[Event "IX Open FIDE"]
[Site "Roma ITA"]
[Date "2009.05.16"]
[Round "3"]
[White "Scoccianti, Raffaele"]
[Black "Pipitone, Filippo Massimo"]
[Result "1-0"]
[WhiteElo "1850"]
[BlackElo "1468"]
[PlyCount "87"]
[EventDate "2009.05.15"]

1. e4 c5 2. Nf3 e6 3. d3 Nc6 4. g3 g6 5. Bg2 Bg7 6. O-O d5 7. exd5 exd5 8. Re1+
Nge7 9. Nc3 O-O 10. Bg5 f6 11. Bf4 Bg4 12. h3 Bf5 13. Re2 Qd7 14. Kh2 h6 15.
Qe1 g5 16. Bc1 Rac8 17. b3 Bg6 18. Bb2 d4 19. Nb5 a6 20. Na7 Nxa7 21. Rxe7 Qb5
22. Qd2 Nc6 23. Re2 Rfe8 24. Rae1 h5 25. Qd1 Kf8 26. Nd2 Ne5 27. Ne4 Qd7 28.
Bc1 b6 29. f4 gxf4 30. Bxf4 Rcd8 31. Nxf6 Bxf6 32. Bxe5 Bxe5 33. Rxe5 Rxe5 34.
Rxe5 Qd6 35. Qf3+ Kg7 36. Qe2 h4 37. Rg5 Kh6 38. Qg4 hxg3+ 39. Kg1 Qf6 40.
Rxg6+ Qxg6 41. Qh4+ Qh5 42. Qxd8 Qd1+ 43. Bf1 g2 44. Qh4+ 1-0

[Event "IX Open FIDE"]
[Site "Roma ITA"]
[Date "2009.05.16"]
[Round "3"]
[White "Simeone, Giulio"]
[Black "Quimi, Marco"]
[Result "0-1"]
[WhiteElo "1970"]
[BlackElo "2242"]
[PlyCount "104"]
[EventDate "2009.05.15"]

1. c4 c5 2. e3 Nf6 3. Nf3 b6 4. Nc3 Bb7 5. d4 g6 6. Be2 Bg7 7. a3 O-O 8. O-O e6
9. b4 d6 10. Qb3 Na6 11. Rd1 Qe7 12. Bb2 Rfd8 13. dxc5 dxc5 14. b5 Nc7 15. Ne5
Nd7 16. Nxd7 Rxd7 17. Rxd7 Qxd7 18. Rd1 Qe7 19. Rd2 Ne8 20. Qd1 Bf6 21. Bf3
Bxf3 22. Qxf3 Rd8 23. Qe2 Rxd2 24. Qxd2 Qd6 25. Qc2 Qd8 26. h3 Bg7 27. Ne4 Bxb2
28. Qxb2 f5 29. Ng3 Qd3 30. Ne2 Qxc4 31. Nf4 Kf7 32. Qe5 g5 33. Nh5 Qd5 34. Qa1
c4 35. Kh2 e5 36. a4 Nd6 37. Ng3 Kg6 38. Qb1 Qd3 39. Qa2 f4 40. exf4 gxf4 41.
Ne2 Ne4 42. Nc1 Qd4 43. Qc2 Kg7 44. f3 Ng3 45. Ne2 Qd3 46. Qxd3 cxd3 47. Nc3
Ne2 48. Ne4 h5 49. g4 fxg3+ 50. Kg2 h4 51. Kf1 Nf4 52. Ke1 Nxh3 0-1

[Event "IX Open FIDE"]
[Site "Roma ITA"]
[Date "2009.05.17"]
[Round "4"]
[White "Bernardi, Giancarlo"]
[Black "Piccolo, Giuseppe"]
[Result "0-1"]
[WhiteElo "1673"]
[BlackElo "1655"]
[PlyCount "58"]
[EventDate "2009.05.15"]

1. d4 e5 2. d5 Nf6 3. Nc3 d6 4. e4 Nbd7 5. g3 Be7 6. Bg2 Nb6 7. Nge2 Bd7 8. O-O
h5 9. f4 h4 10. f5 c6 11. Qd3 Qc7 12. a4 a5 13. Ra3 hxg3 14. h3 cxd5 15. Nb5
Qc5+ 16. Be3 d4 17. Nexd4 exd4 18. Bxd4 Bxb5 19. axb5 Qc7 20. Rc3 Qd8 21. Qe3
Na4 22. Rc4 Nc5 23. Rd1 Qb6 24. e5 dxe5 25. Qxe5 Rc8 26. Re1 O-O 27. Qxg3 Qd6
28. Be5 Qb6 29. Rh4 Nce4+ 0-1

[Event "IX Open FIDE"]
[Site "Roma ITA"]
[Date "2009.05.17"]
[Round "4"]
[White "Carnicelli, Valerio"]
[Black "Maddaloni, Giovanni"]
[Result "0-1"]
[WhiteElo "1735"]
[BlackElo "1812"]
[PlyCount "38"]
[EventDate "2009.05.15"]

1. e4 Nc6 2. d4 e5 3. d5 Nce7 4. c4 Ng6 5. Nc3 Bc5 6. a3 d6 7. Nf3 a6 8. b4 Ba7
9. Be2 Nf6 10. Qc2 O-O 11. h4 Ng4 12. Nd1 f5 13. Bg5 Qe8 14. h5 Nf4 15. Bxf4
exf4 16. Nd2 Ne5 17. h6 Qg6 18. hxg7 Qxg7 19. Bf3 Nd3+ 0-1

[Event "IX Open FIDE"]
[Site "Roma ITA"]
[Date "2009.05.17"]
[Round "4"]
[White "Granitto, Francesco"]
[Black "Gerlando, Onofrio"]
[Result "0-1"]
[WhiteElo "1416"]
[BlackElo "1642"]
[PlyCount "70"]
[EventDate "2009.05.15"]

1. e4 e5 2. Nf3 Nc6 3. Bc4 h6 4. O-O Nf6 5. Qe2 Bc5 6. c3 a5 7. d4 exd4 8. cxd4
Nxd4 9. Nxd4 Bxd4 10. e5 Nh7 11. Qh5 O-O 12. Rd1 Bc5 13. Bxf7+ Rxf7 14. Rd2 Qg5
15. Qxg5 Nxg5 16. Rc2 b6 17. Na3 Bb7 18. Nb5 Raf8 19. Be3 Bxe3 20. fxe3 Ne6 21.
h3 Ba6 22. Nc3 Rf1+ 23. Rxf1 Rxf1+ 24. Kh2 Re1 25. Nd5 Re2 26. Rc3 Rxb2 27.
Nxc7 Nxc7 28. Rxc7 Bb5 29. Kg3 Rxa2 30. e4 Kf7 31. Kf3 Rb2 32. g4 g5 33. Rc3 a4
34. Rc1 Ke6 35. Kg3 Kxe5 0-1

[Event "IX Open FIDE"]
[Site "Roma ITA"]
[Date "2009.05.17"]
[Round "4"]
[White "Lantini, Marco"]
[Black "Malloni, Marcello"]
[Result "1-0"]
[WhiteElo "2204"]
[BlackElo "2278"]
[PlyCount "93"]
[EventDate "2009.05.15"]

1. d4 Nf6 2. c4 e6 3. Nf3 d5 4. Nc3 Bb4 5. cxd5 exd5 6. Bg5 c5 7. Qc2 c4 8. a3
Bxc3+ 9. Qxc3 O-O 10. Nd2 Bf5 11. g4 Bxg4 12. Rg1 Bf5 13. Qf3 Bg6 14. h4 Nbd7
15. Bh3 Qb6 16. Qc3 Rfe8 17. O-O-O Qc6 18. Rde1 b5 19. Qf3 b4 20. Bxd7 Nxd7 21.
h5 c3 22. hxg6 cxd2+ 23. Kxd2 fxg6 24. Rc1 Qb5 25. a4 Qb7 26. Qh3 Nf8 27. b3
Rac8 28. Bf4 Ne6 29. Be5 Qd7 30. Qg3 Qf7 31. e3 a5 32. f4 Nf8 33. Qg2 Nd7 34.
Qh3 Nxe5 35. fxe5 Qf2+ 36. Kd3 Rxc1 37. Rxc1 Qb2 38. Rc8 Qxb3+ 39. Ke2 Qxa4 40.
Qe6+ Kf8 41. Qd6+ Kg8 42. Qxd5+ Kf8 43. Rc7 Re7 44. Qf3+ Ke8 45. Qa8+ Kf7 46.
e6+ Kf6 47. Qf8+ 1-0

[Event "IX Open FIDE"]
[Site "Roma ITA"]
[Date "2009.05.17"]
[Round "4"]
[White "Mammoliti, Francesco"]
[Black "Iacoacci, Giancarlo"]
[Result "1-0"]
[WhiteElo "1745"]
[BlackElo "1751"]
[PlyCount "83"]
[EventDate "2009.05.15"]

1. d4 d5 2. c4 e6 3. Nf3 Nf6 4. Nc3 c6 5. e3 Nbd7 6. Bd3 dxc4 7. Bxc4 b5 8. Bd3
Bb7 9. Bd2 a6 10. Ne4 Nxe4 11. Bxe4 Nf6 12. Qc2 Nxe4 13. Qxe4 Be7 14. b4 Rb8
15. Qc2 Bf6 16. Rd1 O-O 17. O-O Qe7 18. Bc3 Rfd8 19. Rd2 g6 20. Rfd1 Bg7 21.
Qb2 Qf6 22. Ne1 Qg5 23. a3 h5 24. Qc2 h4 25. h3 Qe7 26. e4 Bh6 27. Re2 e5 28.
Nf3 exd4 29. Bxd4 Bg7 30. Bc5 Qf6 31. e5 Rxd1+ 32. Qxd1 Qf4 33. Qd6 Ra8 34. Qc7
Re8 35. Qxb7 Qc1+ 36. Re1 Qxa3 37. Qxc6 Re6 38. Bd6 Bh6 39. Nd4 Bd2 40. Nxe6
Bxe1 41. Qe8+ Kh7 42. Qxf7+ 1-0

[Event "IX Open FIDE"]
[Site "Roma ITA"]
[Date "2009.05.17"]
[Round "4"]
[White "Napoli, Nicolo'"]
[Black "Quimi, Marco"]
[Result "1-0"]
[WhiteElo "2353"]
[BlackElo "2242"]
[PlyCount "87"]
[EventDate "2009.05.15"]

1. d4 d5 2. Bg5 c6 3. e3 Qb6 4. Qc1 Bf5 5. Nd2 Nd7 6. Ne2 h6 7. Bf4 Ngf6 8. c4
e6 9. Nc3 Nh5 10. Bg3 Nxg3 11. hxg3 Be7 12. Be2 O-O 13. g4 Bg6 14. f4 c5 15. f5
cxd4 16. exd4 Bh7 17. Nf3 exf5 18. Nxd5 Qd6 19. g5 hxg5 20. Nxe7+ Qxe7 21. Qxg5
Rfe8 22. Qxe7 Rxe7 23. Kf2 f4 24. Ng5 Rae8 25. Bf3 Nf6 26. Rh4 Bd3 27. Rah1 g6
28. Rxf4 Kg7 29. d5 Re5 30. Nh3 b5 31. b3 bxc4 32. bxc4 Rc8 33. Rc1 Nxd5 34.
Rd4 Nb4 35. c5 Rb8 36. c6 Nxa2 37. c7 Rb2+ 38. Kg3 Bf5 39. c8=Q Bxc8 40. Rxc8
a5 41. Rc7 Nb4 42. Rdd7 Rf5 43. Be4 Rf1 44. Nf4 1-0

[Event "IX Open FIDE"]
[Site "Roma ITA"]
[Date "2009.05.17"]
[Round "4"]
[White "Panella, Fiammetta"]
[Black "Della Corte, Alessandro"]
[Result "1/2-1/2"]
[WhiteElo "2010"]
[BlackElo "2238"]
[PlyCount "113"]
[EventDate "2009.05.15"]

1. e4 d5 2. exd5 Qxd5 3. Nc3 Qd6 4. d4 Nf6 5. Nf3 c6 6. Ne5 Bf5 7. Bc4 e6 8.
O-O Nbd7 9. Bf4 Nxe5 10. Bxe5 Qb4 11. Bb3 Be7 12. Bc7 Bd8 13. a3 Qe7 14. Be5
O-O 15. Re1 Bc7 16. Qf3 Bxe5 17. dxe5 Nd7 18. Rad1 h6 19. h3 Nb6 20. Ne4 Bxe4
21. Rxe4 Rad8 22. Red4 Rxd4 23. Rxd4 Qg5 24. Qf4 Qxf4 25. Rxf4 Rd8 26. Kf1 g5
27. Rg4 c5 28. h4 Kf8 29. hxg5 hxg5 30. Ke2 Ke7 31. Rxg5 c4 32. Ba2 Rd5 33. b3
c3 34. Bb1 Rd2+ 35. Ke1 Nd5 36. Rg3 Rd4 37. b4 Rd2 38. Rd3 Rxd3 39. cxd3 Nc7
40. a4 b5 41. axb5 Nxb5 42. Bc2 Nd4 43. Ba4 f6 44. exf6+ Kxf6 45. Kd1 Ke5 46.
Be8 Nf5 47. Kc2 Kd4 48. Bd7 Nh4 49. Bc6 Ng6 50. Be4 Ne5 51. f3 Nf7 52. g4 e5
53. Bg6 Ng5 54. Be4 Ne6 55. Bf5 Ng5 56. Be4 Ne6 57. Bf5 1/2-1/2

[Event "IX Open FIDE"]
[Site "Roma ITA"]
[Date "2009.05.17"]
[Round "4"]
[White "Piscitelli, Vito"]
[Black "Sibilio, Mario"]
[Result "0-1"]
[WhiteElo "2047"]
[BlackElo "2372"]
[PlyCount "86"]
[EventDate "2009.05.15"]

1. e4 d6 2. d4 g6 3. Nc3 a6 4. Be3 b5 5. Qd2 Bb7 6. f3 Nd7 7. a4 bxa4 8. Nge2
Nb6 9. Ng3 h5 10. Bd3 Nf6 11. O-O Nfd7 12. Nxa4 Bg7 13. c3 a5 14. Nxb6 Nxb6 15.
f4 a4 16. Ne2 d5 17. e5 Nc4 18. Qc1 e6 19. Bf2 h4 20. Qc2 Qd7 21. Ra2 Bc6 22.
Rfa1 Rb8 23. Nc1 Bh6 24. Bf1 Na5 25. Nd3 Nb3 26. Re1 Bf8 27. Nc1 Be7 28. Bd3
Kf8 29. Ne2 Kg7 30. Rf1 Bb5 31. Bxb5 Qxb5 32. Rd1 Qc4 33. Kh1 Nxd4 34. Nxd4
Qxa2 35. Rd2 Qc4 36. Bg1 Rh5 37. Rf2 Bc5 38. Rf3 Bxd4 39. Bxd4 c5 40. Be3 Rb3
41. f5 Rxf5 42. Rxf5 exf5 43. Qf2 a3 0-1

[Event "IX Open FIDE"]
[Site "Roma ITA"]
[Date "2009.05.17"]
[Round "4"]
[White "Scoccianti, Raffaele"]
[Black "Ottaviani, Gianluca"]
[Result "0-1"]
[WhiteElo "1850"]
[BlackElo "1915"]
[PlyCount "54"]
[EventDate "2009.05.15"]

1. e4 c5 2. Nf3 d6 3. d4 cxd4 4. Nxd4 Nf6 5. Nc3 a6 6. Bg5 e6 7. Qd2 Be7 8. f3
Qc7 9. O-O-O Nbd7 10. g4 b5 11. Bg2 Bb7 12. Kb1 Rc8 13. h4 Ne5 14. Bf1 b4 15.
Na4 Qa5 16. b3 O-O 17. Be2 d5 18. Bxf6 Bxf6 19. g5 Be7 20. f4 Nc4 21. Bxc4 dxc4
22. Rhe1 Rfd8 23. Qe2 c3 24. Qf3 Bc5 25. Nxc5 Qxc5 26. Rd3 a5 27. Red1 Ba6 0-1

[Event "IX Open FIDE"]
[Site "Roma ITA"]
[Date "2009.05.17"]
[Round "5"]
[White "Della Corte, Alessandro"]
[Black "Pienabarca, Nicola"]
[Result "0-1"]
[WhiteElo "2238"]
[BlackElo "2092"]
[PlyCount "50"]
[EventDate "2009.05.15"]

1. b3 e5 2. Bb2 Nc6 3. e3 Nf6 4. Bb5 d6 5. Nf3 a6 6. Be2 Be7 7. d4 exd4 8. Nxd4
Nxd4 9. Qxd4 c5 10. Qd3 d5 11. Nc3 Be6 12. O-O-O Qa5 13. g4 c4 14. Qd2 Bb4 15.
a3 Bxa3 16. g5 cxb3 17. gxf6 bxc2 18. Qxc2 Rc8 19. fxg7 Rg8 20. Kb1 Bxb2 21.
Qxb2 Rxc3 22. Qxb7 Bf5+ 23. Bd3 Rxd3 24. Qc6+ Ke7 25. Qb7+ Kd6 0-1

[Event "IX Open FIDE"]
[Site "Roma ITA"]
[Date "2009.05.17"]
[Round "5"]
[White "Gerlando, Onofrio"]
[Black "Scoccianti, Raffaele"]
[Result "0-1"]
[WhiteElo "1642"]
[BlackElo "1850"]
[PlyCount "83"]
[EventDate "2009.05.15"]

1. d4 Nf6 2. Nf3 d6 3. Bf4 g6 4. h3 Bg7 5. Na3 O-O 6. c4 c6 7. Qc2 Bf5 8. Qd2
Na6 9. Nh4 Be6 10. e3 h6 11. Nf3 Ne4 12. Qc2 Qa5+ 13. Nd2 Bf5 14. Bd3 Nb4 15.
Qd1 Nxd3+ 16. Ke2 Nxf4+ 17. exf4 Qxd2+ 18. Qxd2 Nxd2 19. Kxd2 Bxd4 20. Rae1
Bxb2 21. Nc2 Bf6 22. Ne3 Be6 23. Rb1 Rab8 24. a4 Bd4 25. Ng4 h5 26. Nh2 Bxc4
27. g4 h4 28. Nf3 Bxf2 29. f5 Bd5 30. Ng5 Bxh1 31. Rxh1 Bg3 32. fxg6 Bf4+ 33.
Kd3 Bxg5 34. gxf7+ Rxf7 35. a5 Rbf8 36. Rb1 e5 37. Kc4 Rf4+ 38. Kd3 Rf3+ 39.
Kc2 R8f7 40. Rb4 Rxh3 41. Rb1 Rf2+ 42. Kd1 0-1

[Event "IX Open FIDE"]
[Site "Roma ITA"]
[Date "2009.05.17"]
[Round "5"]
[White "Maddaloni, Giovanni"]
[Black "Bernardi, Giancarlo"]
[Result "1-0"]
[WhiteElo "1812"]
[BlackElo "1673"]
[PlyCount "77"]
[EventDate "2009.05.15"]

1. e4 e6 2. d4 d5 3. Nc3 Bb4 4. e5 c5 5. Bd2 Nc6 6. Nb5 Bxd2+ 7. Qxd2 cxd4 8.
Nd6+ Kf8 9. f4 Nge7 10. Nf3 Nf5 11. Nxf5 exf5 12. Bd3 g6 13. O-O Kg7 14. a3 a5
15. Rfe1 Re8 16. Qf2 h6 17. Re2 Qb6 18. Qg3 Be6 19. Nh4 Kh7 20. b3 Ne7 21. Nf3
Rac8 22. Qh3 Kg7 23. Qh4 Ng8 24. h3 Bd7 25. a4 Rc3 26. Rae1 Rec8 27. Kh2 Qb4
28. g4 Rxd3 29. cxd3 Rc3 30. e6 Bxe6 31. Ne5 Qxb3 32. Nxg6 Kxg6 33. gxf5+ Bxf5
34. Rg1+ Kh7 35. Qg3 Bg6 36. f5 Rxd3 37. fxg6+ Kh8 38. gxf7 Rxg3 39. Rxg3 1-0

[Event "IX Open FIDE"]
[Site "Roma ITA"]
[Date "2009.05.17"]
[Round "5"]
[White "Malloni, Marcello"]
[Black "Mammoliti, Francesco"]
[Result "1-0"]
[WhiteElo "2278"]
[BlackElo "1745"]
[PlyCount "37"]
[EventDate "2009.05.15"]

1. e4 c5 2. a3 Nc6 3. b4 cxb4 4. axb4 Nxb4 5. d4 d6 6. c3 Nc6 7. d5 Ne5 8. Qd4
b6 9. f4 Nd7 10. Nf3 Nc5 11. Na3 Nb3 12. Qa4+ Bd7 13. Qxb3 e6 14. dxe6 Bxe6 15.
Bb5+ Bd7 16. O-O h5 17. e5 Bxb5 18. Nxb5 Qc7 19. Nxc7+ 1-0

[Event "IX Open FIDE"]
[Site "Roma ITA"]
[Date "2009.05.17"]
[Round "5"]
[White "Piccolo, Giuseppe"]
[Black "Panella, Fiammetta"]
[Result "1/2-1/2"]
[WhiteElo "1655"]
[BlackElo "2010"]
[PlyCount "31"]
[EventDate "2009.05.15"]

1. e4 c5 2. Nc3 e6 3. g3 g6 4. Bg2 Bg7 5. d3 Nc6 6. Be3 Nd4 7. Qd2 Ne7 8. Nd1
d6 9. c3 Ndc6 10. Bh6 Bxh6 11. Qxh6 Ng8 12. Qd2 Bd7 13. Ne2 Qc7 14. Ne3 h5 15.
h4 Nge7 16. d4 1/2-1/2

[Event "IX Open FIDE"]
[Site "Roma ITA"]
[Date "2009.05.17"]
[Round "5"]
[White "Pipitone, Filippo Massimo"]
[Black "Carnicelli, Valerio"]
[Result "0-1"]
[WhiteElo "1468"]
[BlackElo "1735"]
[PlyCount "68"]
[EventDate "2009.05.15"]

1. d4 d5 2. c4 c6 3. Nf3 Nf6 4. Nc3 e6 5. e3 Nbd7 6. Bd3 dxc4 7. Bxc4 b5 8. Bb3
a6 9. O-O c5 10. e4 Bb7 11. e5 Nd5 12. Re1 Nxc3 13. bxc3 c4 14. Bc2 Nb6 15. Be4
Bxe4 16. Rxe4 Nd5 17. Qc2 Be7 18. h4 Qa5 19. Bd2 Qa3 20. Rg4 g6 21. Ng5 h5 22.
Rg3 Bxg5 23. Rxg5 Kd7 24. Re1 Rhc8 25. f4 Ne7 26. g4 b4 27. gxh5 gxh5 28. Rg7
Rg8 29. Rxg8 Rxg8+ 30. Kf2 bxc3 31. Bxc3 Nd5 32. Bd2 Qg3+ 33. Ke2 Qg4+ 34. Kf2
Qg2# 0-1

[Event "IX Open FIDE"]
[Site "Roma ITA"]
[Date "2009.05.17"]
[Round "5"]
[White "Sibilio, Mario"]
[Black "Napoli, Nicolo'"]
[Result "1-0"]
[WhiteElo "2372"]
[BlackElo "2353"]
[PlyCount "63"]
[EventDate "2009.05.15"]

1. Nf3 d5 2. d4 Nf6 3. c4 dxc4 4. Nc3 e6 5. Bg5 Bb4 6. e3 b5 7. a4 c6 8. Nd2
Nbd7 9. axb5 Bxc3 10. bxc3 cxb5 11. Qf3 Rb8 12. Rxa7 Qb6 13. Ra1 Nd5 14. e4 Ne7
15. Qg3 Ng6 16. h4 h5 17. Be2 e5 18. dxe5 Ndxe5 19. Be3 Qf6 20. f4 Ng4 21. Bxg4
Bxg4 22. f5 Qe5 23. Qf2 Qxc3 24. Bd4 Qc2 25. fxg6 O-O 26. O-O fxg6 27. Ra7 Rxf2
28. Rxg7+ Kf8 29. Rxf2+ Bf5 30. exf5 g5 31. f6 Qc1+ 32. Kh2 1-0

[Event "III Festival Capo d'Orso"]
[Site "Portomannu - Palau ITA"]
[Date "2009.05.19"]
[Round "4"]
[White "Castiglioni, Nando"]
[Black "Angeli, Francesco"]
[Result "0-1"]
[WhiteElo "1532"]
[BlackElo "1413"]
[PlyCount "32"]
[EventDate "2009.05.16"]

1. d4 d5 2. c4 e5 3. dxe5 d4 4. Nf3 Nc6 5. a3 Be6 6. Nbd2 Nge7 7. Ng5 Bf5 8.
Ngf3 Be6 9. b4 Ng6 10. Nb3 Ncxe5 11. Nxe5 Nxe5 12. c5 Be7 13. Qxd4 Bxb3 14. e3
Bf6 15. Qxd8+ Rxd8 16. Be2 Nd3+ 0-1

[Event "III Festival Capo d'Orso"]
[Site "Portomannu - Palau ITA"]
[Date "2009.05.19"]
[Round "6"]
[White "Paglietti, Nicola"]
[Black "Zoldan, Matteo"]
[Result "1/2-1/2"]
[WhiteElo "2269"]
[BlackElo "2200"]
[PlyCount "81"]
[EventDate "2009.05.16"]

1. d4 Nf6 2. Nf3 g6 3. g3 Bg7 4. Bg2 O-O 5. O-O d6 6. c4 Nbd7 7. Nc3 e5 8. e4
c6 9. b3 Qa5 10. Bb2 Re8 11. h3 exd4 12. Nxd4 Nc5 13. Re1 Qb6 14. Qc2 a5 15.
Rad1 a4 16. Kh2 Nfd7 17. f4 Qb4 18. a3 axb3 19. axb4 bxc2 20. Nxc2 Na6 21. Bf1
Nb6 22. e5 dxe5 23. Ne4 Bf5 24. Bxe5 f6 25. b5 fxe5 26. bxa6 bxa6 27. g4 Bxe4
28. Rxe4 exf4 29. Rxe8+ Rxe8 30. c5 Na4 31. Rd6 Nxc5 32. Rxc6 Ne4 33. Bxa6 f3
34. Rc8 Rxc8 35. Bxc8 Be5+ 36. Kg1 Kf7 37. Bb7 Ng5 38. h4 Nh3+ 39. Kf1 Bg3 40.
h5 gxh5 41. gxh5 1/2-1/2

[Event "III Festival Capo d'Orso"]
[Site "Portomannu - Palau ITA"]
[Date "2009.05.21"]
[Round "7"]
[White "Conquest, Stuart C."]
[Black "D'Amore, Carlo"]
[Result "1-0"]
[WhiteElo "2549"]
[BlackElo "2483"]
[PlyCount "79"]
[EventDate "2009.05.16"]

1. e4 e5 2. Nf3 Nc6 3. Bc4 Bc5 4. c3 Nf6 5. d3 d6 6. b4 Bb6 7. Nbd2 Ne7 8. Bb3
c6 9. O-O O-O 10. a4 Ng6 11. a5 Bc7 12. Re1 h6 13. Nf1 d5 14. Bd2 Be6 15. Ng3
Qd7 16. exd5 Nxd5 17. Ne4 Bg4 18. h3 Bxh3 19. gxh3 Qxh3 20. Nh2 Nh4 21. Qg4
Qxg4+ 22. Nxg4 Nf3+ 23. Kg2 Nxe1+ 24. Rxe1 h5 25. Nh2 Rad8 26. Nf3 Nf4+ 27.
Bxf4 exf4 28. d4 Rfe8 29. Nfg5 Kf8 30. Bxf7 Re7 31. Bxh5 g6 32. Bxg6 Rd5 33.
Rh1 Bd8 34. Kf3 b6 35. a6 c5 36. bxc5 bxc5 37. dxc5 Kg7 38. Bf7 Rd3+ 39. Kxf4
Bc7+ 40. Kg4 1-0

[Event "III Festival Capo d'Orso"]
[Site "Portomannu - Palau ITA"]
[Date "2009.05.21"]
[Round "7"]
[White "Grandelius, Nils"]
[Black "Hillarp Persson, Tiger"]
[Result "1/2-1/2"]
[WhiteElo "2491"]
[BlackElo "2618"]
[PlyCount "65"]
[EventDate "2009.05.16"]

1. e4 c5 2. Nf3 d6 3. d4 cxd4 4. Nxd4 Nf6 5. Nc3 a6 6. Be3 e5 7. Nb3 Be6 8. f3
h5 9. Qd2 Nbd7 10. O-O-O Qc7 11. Kb1 Be7 12. h3 h4 13. f4 b5 14. f5 Bc4 15. a3
Rb8 16. Bd3 b4 17. axb4 Rxb4 18. Nd5 Nxd5 19. exd5 Bxd3 20. Qxd3 Ra4 21. Rhg1
Bf6 22. g4 hxg3 23. Rxg3 Rh5 24. Rg4 Rh4 25. Rxh4 Rxh4 26. Qxa6 Rxh3 27. Bd2
Qb6 28. Qc8+ Bd8 29. Na5 Qc7 30. Qa6 Qb6 31. Qc8 Qc7 32. Qa6 Qb6 33. Qc8
1/2-1/2

[Event "III Festival Capo d'Orso"]
[Site "Portomannu - Palau ITA"]
[Date "2009.05.21"]
[Round "7"]
[White "Lemos, Damian"]
[Black "Korneev, Oleg"]
[Result "1/2-1/2"]
[WhiteElo "2512"]
[BlackElo "2587"]
[PlyCount "62"]
[EventDate "2009.05.16"]

1. d4 d5 2. c4 e6 3. Nc3 a6 4. cxd5 exd5 5. Bf4 c6 6. e3 Bd6 7. Bg3 Ne7 8. Bd3
Bf5 9. Nf3 O-O 10. Bxf5 Nxf5 11. Qc2 g6 12. O-O-O Nd7 13. Kb1 Re8 14. Qb3 b5
15. Rhe1 a5 16. Qc2 Nxg3 17. hxg3 Nb6 18. e4 b4 19. Na4 Nxa4 20. Qxa4 dxe4 21.
Nd2 Bf8 22. Nxe4 Re6 23. f3 Qd5 24. Qb3 Rd8 25. Qxd5 Rxd5 26. g4 Bg7 27. Re2 f5
28. gxf5 gxf5 29. Ng3 Rxe2 30. Nxe2 c5 31. Kc2 cxd4 1/2-1/2

[Event "III Festival Capo d'Orso"]
[Site "Portomannu - Palau ITA"]
[Date "2009.05.21"]
[Round "7"]
[White "Malakhatko, Vadim"]
[Black "Cori Tello, Deysi Estela"]
[Result "1-0"]
[WhiteElo "2618"]
[BlackElo "2262"]
[PlyCount "75"]
[EventDate "2009.05.16"]

1. d4 Nf6 2. c4 e6 3. Nf3 b6 4. g3 Ba6 5. b3 b5 6. cxb5 Bxb5 7. Bg2 d5 8. O-O
Nbd7 9. Nc3 Ba6 10. Ne5 c5 11. Bg5 Rc8 12. Nxd7 Qxd7 13. Bxf6 gxf6 14. Rc1 c4
15. e4 cxb3 16. Qxb3 Bc4 17. Qb2 Bh6 18. Rcd1 Bxf1 19. Bxf1 O-O 20. exd5 Rfd8
21. dxe6 fxe6 22. d5 Bg7 23. Qb3 e5 24. Ne4 h6 25. d6+ Kh8 26. Bb5 Qb7 27. d7
Qxe4 28. dxc8=Q Rxc8 29. Ba6 Rf8 30. Bb7 Qg6 31. Qa4 f5 32. Qxa7 Qf7 33. Qa6 e4
34. Bd5 Qh5 35. Qf1 Rd8 36. Bb3 Bd4 37. Rxd4 Rxd4 38. Qa1 1-0

[Event "III Festival Capo d'Orso"]
[Site "Portomannu - Palau ITA"]
[Date "2009.05.21"]
[Round "7"]
[White "Naumkin, Igor"]
[Black "Marin, Mihail"]
[Result "0-1"]
[WhiteElo "2488"]
[BlackElo "2564"]
[PlyCount "66"]
[EventDate "2009.05.16"]

1. d4 Nf6 2. c4 e6 3. Nf3 c5 4. d5 d6 5. Nc3 exd5 6. cxd5 g6 7. e4 Bg7 8. Be2
O-O 9. O-O Re8 10. Nd2 Nbd7 11. a4 a6 12. f4 Rb8 13. a5 b5 14. axb6 Nxb6 15.
Kh1 c4 16. Ra3 Qc7 17. Qe1 Nfd7 18. e5 f5 19. g4 dxe5 20. gxf5 Nf6 21. fxg6
exf4 22. Qh4 hxg6 23. Rxf4 Nbxd5 24. Rxc4 Qf7 25. Nce4 Bb7 26. Kg1 Qe7 27. Rh3
Rbc8 28. b3 Rxc4 29. Nxc4 Nxe4 30. Qh7+ Kf7 31. Rf3+ Nef6 32. Bb2 Rh8 33. Bxf6
Rxh7 0-1

[Event "III Festival Capo d'Orso"]
[Site "Portomannu - Palau ITA"]
[Date "2009.05.21"]
[Round "7"]
[White "Pelletier, Yannick"]
[Black "Vocaturo, Daniele"]
[Result "1-0"]
[WhiteElo "2559"]
[BlackElo "2480"]
[PlyCount "127"]
[EventDate "2009.05.16"]

1. d4 Nf6 2. c4 g6 3. Nc3 Bg7 4. e4 d6 5. Nf3 O-O 6. Be2 c5 7. O-O Nc6 8. d5
Na5 9. Bf4 Nh5 10. Bg5 h6 11. Be3 e5 12. dxe6 Bxe6 13. Qc1 Kh7 14. b3 Nc6 15.
Qd2 Qe7 16. Rad1 Rad8 17. Ne1 Nf6 18. f3 Ne8 19. Nc2 f5 20. exf5 gxf5 21. f4
Qf6 22. Nd5 Bxd5 23. Qxd5 Nc7 24. Qd3 b6 25. Bf3 Ne7 26. b4 Qb2 27. Qb3 Ne6 28.
Qxb2 Bxb2 29. a3 Ng6 30. g3 Rfe8 31. Bf2 Ngf8 32. Rd5 cxb4 33. axb4 Rc8 34. Rb1
Bg7 35. Na3 Red8 36. Be2 Ng6 37. Bd3 Ne7 38. Bxf5+ Nxf5 39. Rxf5 Nc7 40. Rd1
Rf8 41. Rxf8 Bxf8 42. Nc2 d5 43. cxd5 Nb5 44. Nd4 Nc3 45. Ra1 Nxd5 46. Rxa7+
Kg8 47. b5 Rc1+ 48. Kg2 Bc5 49. Nb3 Rc2 50. Nxc5 bxc5 51. Kf3 h5 52. Rd7 Nf6
53. Rd8+ Kf7 54. b6 Ng4 55. b7 Rxf2+ 56. Ke4 Rb2 57. b8=Q Rxb8 58. Rxb8 Nxh2
59. Rh8 Nf1 60. Kf3 Nd2+ 61. Ke3 Nc4+ 62. Ke2 Kg6 63. Rc8 Nd6 64. Rc6 1-0

[Event "III Festival Capo d'Orso"]
[Site "Portomannu - Palau ITA"]
[Date "2009.05.21"]
[Round "7"]
[White "Tiviakov, Sergei"]
[Black "Cmilyte, Viktorija"]
[Result "1-0"]
[WhiteElo "2697"]
[BlackElo "2498"]
[PlyCount "103"]
[EventDate "2009.05.16"]

1. e4 c5 2. c3 Nf6 3. e5 Nd5 4. Nf3 Nc6 5. Bc4 Nb6 6. Bb3 c4 7. Bc2 Qc7 8. Qe2
g5 9. h3 Bg7 10. O-O Nxe5 11. Nxg5 d5 12. a4 a5 13. Na3 Bd7 14. b3 h6 15. Nf3
cxb3 16. Bxb3 Ng6 17. Re1 O-O 18. Nb5 Bxb5 19. Qxb5 e6 20. Bc2 Nf4 21. g3 Nh5
22. Qe2 Nc4 23. Rb1 Rfe8 24. Nh2 Nf6 25. Ng4 Nxg4 26. Qxg4 f5 27. Qh5 Nd6 28.
Qg6 Qf7 29. Qxf7+ Kxf7 30. Ba3 Bf8 31. Bxd6 Bxd6 32. Rxb7+ Re7 33. Rb6 Bc7 34.
Rc6 f4 35. Bf5 exf5 36. Rxe7+ Kxe7 37. Rxc7+ Kd6 38. Rh7 Ke5 39. Rxh6 Rb8 40.
Rh4 f3 41. Rf4 Rb1+ 42. Kh2 Rb2 43. d4+ Ke6 44. Rxf3 Ra2 45. g4 fxg4 46. hxg4
Rxa4 47. g5 Rc4 48. Kg3 a4 49. Kg4 a3 50. Rf6+ Ke7 51. Ra6 Rxc3 52. f4 1-0

[Event "III Festival Capo d'Orso"]
[Site "Portomannu - Palau ITA"]
[Date "2009.05.22"]
[Round "8"]
[White "Hillarp Persson, Tiger"]
[Black "Thorfinnsson, Bjorn"]
[Result "1-0"]
[WhiteElo "2618"]
[BlackElo "2422"]
[PlyCount "121"]
[EventDate "2009.05.16"]

1. e4 e5 2. Nf3 Nc6 3. Bc4 Bc5 4. c3 Nf6 5. d3 a6 6. Bb3 O-O 7. Bg5 h6 8. Bh4
Be7 9. Nbd2 d6 10. Nf1 Kh8 11. Bxf6 Bxf6 12. Ne3 Ne7 13. h4 Ng6 14. g3 Be6 15.
Nh2 Qd7 16. Bxe6 Qxe6 17. Qh5 Ne7 18. Qg4 Qxg4 19. Nhxg4 Ng8 20. Nf5 Kh7 21. h5
Bg5 22. Ke2 Ne7 23. Nxe7 Bxe7 24. Raf1 f5 25. Ne3 fxe4 26. dxe4 Bg5 27. Ng2
Rae8 28. f4 Bf6 29. Kd3 Re7 30. Ne3 exf4 31. gxf4 Rfe8 32. Nd5 Rxe4 33. Nxc7
Re3+ 34. Kc2 Rc8 35. Nd5 Re2+ 36. Kb1 Rce8 37. Nxf6+ gxf6 38. Rd1 R8e6 39. Rd4
f5 40. Rhd1 Rh2 41. Rxd6 Rxd6 42. Rxd6 Rxh5 43. Rd7+ Kg6 44. Rxb7 Rh1+ 45. Kc2
h5 46. Rb6+ Kg7 47. Rxa6 h4 48. Re6 h3 49. Kb3 Rg1 50. Re2 Kg6 51. Rh2 Rg3 52.
a4 Kh5 53. a5 Kh4 54. Rh1 Rg8 55. Ka4 Rh8 56. b4 Kg3 57. b5 Kg2 58. Rb1 Rh4 59.
a6 Rxf4+ 60. Kb3 Rg4 61. a7 1-0